I segreti del linguaggio del corpo /
I tiakina i:
| Kaituhi matua: | |
|---|---|
| Hōputu: | Pukapuka |
| Reo: | Itāriana |
| I whakaputaina: |
Milano :
Sperling & Kupfer,
2013
|
| Ngā Tūtohu: |
Kāore He Tūtohu, Me noho koe te mea tuatahi ki te tūtohu i tēnei pūkete!
|
MARC
| LEADER | 00000nam a22000007i 4500 | ||
|---|---|---|---|
| 001 | IT\ICCU\LIG\0290744 | ||
| 003 | ItRI | ||
| 005 | 20250816140827.0 | ||
| 008 | 190228s2013 it |||||| ||||| |||||c | ||
| 020 | |a 9788868360641 | ||
| 040 | |b ita |c Arcigay Viterbo | ||
| 041 | 7 | |a ita |2 ISO-639-2 | |
| 082 | |a 153.6 |2 14 | ||
| 100 | 1 | |a Pacori, Marco |0 IT\ICCU\MILV\192799 |4 aut | |
| 245 | 1 | 2 | |a I segreti del linguaggio del corpo / |c Marco Pacori. |
| 260 | |a Milano : |b Sperling & Kupfer, |c 2013 | ||
| 300 | |a XI, 267 p. : |b ill. ; |c 20 cm | ||
| 500 | |a Sulla copertina: scopri con uno sguardo cosa provano gli altri, cosa pensano di te, chi sta mentendo | ||
| 942 | |2 ddc |c BK |n 0 | ||
| 952 | |0 0 |1 0 |2 ddc |4 0 |6 158_400000000000000_PAC_SEG |7 0 |9 9538 |a VT |b VT |d 2025-08-16 |e Donazione Alfonso Antoniozzi |i B259 |l 0 |o 158.4 PAC SEG |p B259 |r 2025-08-16 14:11:31 |w 2025-08-16 |y BK |z Donazione Alfonso Antoniozzi | ||
| 981 | 1 | |6 z01 |a i |b xxxe | |
| 982 | 1 | |6 z01 |a n | |
| 999 | |c 7952 |d 7952 | ||